Travel and transport : then and now

Bibliographic Details
Main Author: Smith, Alastair
Other Authors: Russell, Ruth, Salgado, Adrianne
Format: Book
Published: England : Usborne Publishing Ltd , 2004
Series:Usborne flip-flaps
Subjects:

MARC

LEADER 00000cam a2200000 7i4500
001 0000114607
005 20080104.0
020 |a 9780746031025 
090 0 0 |a 370   |b USB 
100 1 |a Smith, Alastair 
245 1 0 |a Travel and transport :   |b then and now   |c Alastair Smith 
260 |a England :   |b Usborne Publishing Ltd ,   |c 2004 
300 |a 16p. :   |b ill. ;   |c 21cm. 
490 0 |a Usborne flip-flaps 
650 0 0 |a Transport   |x Juvenile literature 
650 0 0 |a Travelling   |x Juvenile literature 
700 1 |a Russell, Ruth 
700 1 |a Salgado, Adrianne 
999 |a 00208176   |b BUKU   |c JUNIOR BOOKS   |e PERPUSTAKAAN KOMUNITI PETALING JAYA